[Event "105th British-ch 2018"]
[Site "Hull"]
[Date "2018.07.28"]
[Round "1"]
[White "Jamroz, Krzysztof"]
[Black "Murphy, Conor E"]
[Result "1/2-1/2"]
[WhiteElo "2026"]
[BlackElo "2336"]
[Annotator "NA"]
[PlyCount "104"]
[EventDate "2018.07.28"]
[EventType "swiss"]
[EventCountry "GBR"]
[SourceTitle "playchess.com"]
[Source "ChessBase"]
[SourceQuality "1"]
[TimeControl "40/5400+30:1800+30"]

1. e4 {[%emt 0:15:56]} c5 {[%emt 0:02:31]} 2. Nf3 {[%emt 0:02:26]} d6 {[%emt 0:00:07]} 3. d4 {[%emt 0:01:37]} cxd4 {[%emt 0:00:05]} 4. Nxd4 {[%emt 0:00:04]} Nf6 {[%emt 0:00:06]} 5. Nc3 {[%emt 0:00:17]} a6 {[%emt 0:00:05]} 6. Be2 {[%emt 0:01:45]} e5 {[%emt 0:00:07]} 7. Nb3 {[%emt 0:00:31]} Be7 {[%emt 0:00:22]} 8. Be3 {[%emt 0:00:30]} Be6 {[%emt 0:05:23]} 9. O-O {[%emt 0:01:53]} O-O {[%emt 0:02:43]} 10. f4 {[%emt 0:00:52]} exf4 {[%emt 0:07:40]} 11. Bxf4 {[%emt 0:00:27]} Nc6 {[%emt 0:01:15]} 12. Qe1 {[%emt 0:00:48]} Nd7 {[%emt 0:10:26]} 13. Rd1 {[%emt 0:02:59]} Nde5 {[%emt 0:06:50]} 14. Kh1 {[%emt 0:14:10]} Rc8 {[%emt 0:12:35]} 15. Nd5 {[%emt 0:07:26]} Bg5 {[%emt 0:02:27]} 16. Qd2 {[%emt 0:04:56]} h6 {[%emt 0:07:34]} 17. c3 {[%emt 0:04:51]} Re8 {[%emt 0:07:21]} 18. Bxg5 {[%emt 0:07:56]} Qxg5 {[%emt 0:01:22]} 19. Qxg5 {[%emt 0:00:40]} hxg5 {[%emt 0:00:05]} 20. Ne3 {[%emt 0:00:37]} Rcd8 {[%emt 0:03:37]} 21. Rd2 {[%emt 0:02:48]} Rd7 {[%emt 0:04:44]} 22. Rfd1 {[%emt 0:00:10]} Red8 {[%emt 0:00:13]} 23. c4 {[%emt 0:03:17]} g6 {[%emt 0:02:09]} 24. Nd5 {[%emt 0:00:52]} Bxd5 {[%emt 0:02:23]} 25. exd5 {[%emt 0:04:47]} Ne7 {[%emt 0:00:15]} 26. Nd4 {[%emt 0:00:41]} Kg7 {[%emt 0:05:38]} 27. Rf1 {[%emt 0:04:34]} Rh8 {[%emt 0:01:23]} 28. Nf3 {[%emt 0:00:43]} Nxf3 {[%emt 0:00:54]} 29. Rxf3 {[%emt 0:02:53]} Nf5 {[%emt 0:01:27]} 30. Rc3 {[%emt 0:01:42]} Rc7 {[%emt 0:01:13]} 31. Kg1 {[%emt 0:01:48]} Rh4 {[%emt 0:02:22]} 32. g3 {[%emt 0:02:55]} Rh8 {[%emt 0:02:37]} 33. Rb3 {[%emt 0:01:27]} Rd8 {[%emt 0:01:17]} 34. a4 {[%emt 0:01:55]} Ne7 {[%emt 0:01:23]} 35. a5 {[%emt 0:00:22]} Ng8 {[%emt 0:00:11]} 36. Rb6 {[%emt 0:01:07]} Nf6 {[%emt 0:00:10]} 37. Rd4 {[%emt 0:00:32]} Ne8 {[%emt 0:06:46]} 38. b4 {[%emt 0:01:34]} Re7 {[%emt 0:00:39]} 39. Kf2 {[%emt 0:00:27]} f5 {[%emt 0:00:41]} 40. c5 {[%emt 0:01:18]} dxc5 {[%emt 0:00:27]} 41. bxc5 {[%emt 0:00:10]} Rc7 {[%emt 0:15:24]} 42. c6 {[%emt 0:07:20]} bxc6 {[%emt 0:00:48]} 43. Bxa6 {[%emt 0:00:10]} cxd5 {[%emt 0:02:00]} 44. Bb7 {[%emt 0:00:16]} Nd6 {[%emt 0:02:16]} 45. Rxd5 {[%emt 0:04:48]} Nxb7 {[%emt 0:05:04]} 46. Rxb7 {[%emt 0:00:08]} Rxb7 {[%emt 0:00:12]} 47. Rxd8 {[%emt 0:00:05]} Rb2+ {[%emt 0:00:21]} 48. Kg1 {[%emt 0:00:07]} Ra2 {[%emt 0:00:29]} 49. Ra8 {[%emt 0:00:07]} f4 {[%emt 0:02:55]} 50. g4 {[%emt 0:00:30]} f3 {[%emt 0:02:03]} 51. h3 {[%emt 0:01:37]} Rg2+ {[%emt 0:00:06]} 52. Kf1 {[%emt 0:00:05]} Ra2 {[%emt 0:01:06]} 1/2-1/2

[Event "105th British-ch 2018"]
[Site "Hull"]
[Date "2018.07.28"]
[Round "1"]
[White "Miller, Dominic"]
[Black "Derakhshani, Borna"]
[Result "0-1"]
[WhiteElo "2017"]
[BlackElo "2315"]
[Annotator "NA"]
[PlyCount "52"]
[EventDate "2018.07.28"]
[EventType "swiss"]
[EventCountry "GBR"]
[SourceTitle "playchess.com"]
[Source "ChessBase"]
[SourceQuality "1"]
[TimeControl "40/5400+30:1800+30"]

1. e4 {[%emt 0:00:02]} c6 {[%emt 0:00:05]} 2. d4 {[%emt 0:00:25]} d5 {[%emt 0:00:05]} 3. Nd2 {[%emt 0:00:06]} dxe4 {[%emt 0:00:05]} 4. Nxe4 {[%emt 0:00:04]} Bf5 {[%emt 0:00:12]} 5. Ng3 {[%emt 0:00:25]} Bg6 {[%emt 0:00:07]} 6. h4 {[%emt 0:00:16]} h6 {[%emt 0:00:05]} 7. Nf3 {[%emt 0:00:03]} Nd7 {[%emt 0:00:03]} 8. h5 {[%emt 0:00:13]} Bh7 {[%emt 0:00:07]} 9. Bd3 {[%emt 0:00:04]} Bxd3 {[%emt 0:00:06]} 10. Qxd3 {[%emt 0:00:03]} e6 {[%emt 0:00:13]} 11. Bd2 {[%emt 0:01:04]} Ngf6 {[%emt 0:00:14]} 12. O-O-O {[%emt 0:00:14]} Be7 {[%emt 0:00:14]} 13. Kb1 {[%emt 0:01:20]} Qb6 {[%emt 0:00:14]} 14. Rhe1 {[%emt 0:01:30]} O-O {[%emt 0:00:10]} 15. Nf5 {[%emt 0:00:06]} exf5 {[%emt 0:00:08]} 16. Rxe7 {[%emt 0:00:05]} Qd8 {[%emt 0:00:04]} 17. Re2 {[%emt 0:02:51]} Ne4 {[%emt 0:02:39]} 18. Be1 {[%emt 0:00:10]} Re8 {[%emt 0:09:52]} 19. g3 {[%emt 0:27:56]} Qe7 {[%emt 0:10:27]} 20. Ka1 {[%emt 0:00:47]} Rad8 {[%emt 0:02:51]} 21. Nh4 {[%emt 0:07:25]} Qg5 {[%emt 0:47:58]} 22. Qf3 {[%emt 0:15:46]} Qg4 {[%emt 0:01:01]} 23. Qxg4 {[%emt 0:06:39]} fxg4 {[%emt 0:00:04]} 24. Bb4 {[%emt 0:00:14]} Ndf6 {[%emt 0:01:57]} 25. Nf5 {[%emt 0:03:30]} c5 {[%emt 0:07:11]} 26. Ba3 {[%emt 0:00:10]} Re5 {[%emt 0:01:54]} 0-1

[Event "105th British-ch 2018"]
[Site "Hull"]
[Date "2018.07.28"]
[Round "1"]
[White "Young, Daniel J"]
[Black "Kolbus, Dietmar"]
[Result "1/2-1/2"]
[WhiteElo "1962"]
[BlackElo "2303"]
[Annotator "NA"]
[PlyCount "81"]
[EventDate "2018.07.28"]
[EventType "swiss"]
[EventCountry "GBR"]
[SourceTitle "playchess.com"]
[Source "ChessBase"]
[SourceQuality "1"]
[TimeControl "40/5400+30:1800+30"]

1. e4 {[%emt 0:00:02]} c6 {[%emt 0:00:05]} 2. d4 {[%emt 0:00:21]} d5 {[%emt 0:00:05]} 3. e5 {[%emt 0:00:12]} Bf5 {[%emt 0:00:08]} 4. Nf3 {[%emt 0:00:15]} e6 {[%emt 0:00:08]} 5. Be2 {[%emt 0:00:20]} Nd7 {[%emt 0:00:25]} 6. O-O {[%emt 0:00:36]} h6 {[%emt 0:02:08]} 7. Nbd2 {[%emt 0:01:29]} Bh7 {[%emt 0:00:32]} 8. Nb3 {[%emt 0:00:39]} Ne7 {[%emt 0:00:47]} 9. a4 {[%emt 0:02:29]} a5 {[%emt 0:00:22]} 10. c3 {[%emt 0:05:25]} Qc7 {[%emt 0:05:49]} 11. Bd2 {[%emt 0:02:31]} Nc8 {[%emt 0:01:46]} 12. Ne1 {[%emt 0:02:29]} Be7 {[%emt 0:02:25]} 13. Bd3 {[%emt 0:01:15]} O-O {[%emt 0:05:54]} 14. Qg4 {[%emt 0:05:53]} f5 {[%emt 0:03:12]} 15. exf6 {[%emt 0:01:07]} Rxf6 {[%emt 0:00:16]} 16. Bxh7+ {[%emt 0:01:54]} Kxh7 {[%emt 0:00:06]} 17. Nd3 {[%emt 0:18:36]} e5 {[%emt 0:05:06]} 18. Nxe5 {[%emt 0:09:32]} Nxe5 {[%emt 0:00:16]} 19. dxe5 {[%emt 0:00:10]} Qxe5 {[%emt 0:00:05]} 20. Rae1 {[%emt 0:01:15]} Qf5 {[%emt 0:00:48]} 21. Qxf5+ {[%emt 0:01:54]} Rxf5 {[%emt 0:00:03]} 22. Be3 {[%emt 0:05:29]} Bf8 {[%emt 0:02:22]} 23. Bc5 {[%emt 0:04:01]} Bxc5 {[%emt 0:25:58]} 24. Nxc5 {[%emt 0:00:09]} b6 {[%emt 0:10:18]} 25. Ne6 {[%emt 0:01:05]} Ra7 {[%emt 0:02:55]} 26. Nd4 {[%emt 0:01:20]} Rf6 {[%emt 0:01:34]} 27. Re8 {[%emt 0:03:19]} Ne7 {[%emt 0:01:44]} 28. Re1 {[%emt 0:01:29]} Nf5 {[%emt 0:03:27]} 29. Nxf5 {[%emt 0:01:43]} Rxf5 {[%emt 0:00:02]} 30. Rb8 {[%emt 0:02:32]} d4 {[%emt 0:01:44]} 31. cxd4 {[%emt 0:03:00]} b5 {[%emt 0:02:01]} 32. axb5 {[%emt 0:06:26]} Rxb5 {[%emt 0:01:57]} 33. Rxb5 {[%emt 0:02:45]} cxb5 {[%emt 0:00:02]} 34. Re5 {[%emt 0:05:00]} Rd7 {[%emt 0:00:39]} 35. Rxb5 {[%emt 0:00:49]} Rxd4 {[%emt 0:00:06]} 36. g3 {[%emt 0:00:18]} Rd1+ {[%emt 0:01:55]} 37. Kg2 {[%emt 0:00:09]} a4 {[%emt 0:00:12]} 38. Ra5 {[%emt 0:02:08]} Rd2 {[%emt 0:00:13]} 39. Rxa4 {[%emt 0:00:20]} Rxb2 {[%emt 0:00:05]} 40. h4 {[%emt 0:01:00]} h5 {[%emt 0:00:30]} 41. Ra5 {[%emt 0:01:03]} 1/2-1/2

[Event "105th British-ch 2018"]
[Site "Hull"]
[Date "2018.07.29"]
[Round "2"]
[White "Adams, Michael"]
[Black "Arkell, Keith C"]
[Result "1-0"]
[WhiteElo "2706"]
[BlackElo "2406"]
[Annotator "TA"]
[PlyCount "105"]
[EventDate "2018.07.28"]
[EventType "swiss"]
[EventCountry "GBR"]
[SourceTitle "playchess.com"]
[Source "ChessBase"]
[SourceQuality "1"]

{[%evp 17,105,52,49,34,39,34,52,39,43,38,61,28,29,36,44,20,27,47,53,44,54,11,11,15,15,12,15,10,10,0,14,14,28,20,29,24,22,21,29,20,72,66,76,0,122,143,100,95,112,71,125,120,103,63,252,247,252,249,210,248,252,243,236,215,237,175,165,170,387,281,264,141,142,129,131,154,156,142,265,265,265,265,265,265,516,360,527,504,1181,750]} 1. e4 c6 2. d4 d5 3. Nd2 dxe4 4. Nxe4 Nd7 5. Ng5 Ngf6 6. Bd3 Nb6 7. N1f3 {B17: Caro-Kann: Modern Line (4...Nd7)} h6 (7... Bg4 8. Qe2 Bh5 9. h3 h6 10. g4 hxg5 11. gxh5 Rxh5 12. Bxg5 Rxg5 13. Nxg5 Qxd4 14. c4 Nbd7 {½-½ (41) Howell,D (2698)-Arkell,K (2502) Coventry 2015}) (7... Bg4 8. Qe2 Bh5 9. Bd2 h6 10. Ne4 Nxe4 11. Bxe4 e6 12. O-O-O Be7 13. Kb1 Nd5 14. c4 Nf6 {1-0 (30) Adams,M (2758)-Arkell,K (2450) Douglas 2014}) 8. Ne4 Nxe4 9. Bxe4 Bg4 {LiveBook: 8 Games} 10. Qd3 Bxf3 11. Bxf3 g6 $146 ({Predecessor:} 11... e6 12. O-O Be7 13. Re1 O-O 14. Bf4 Bg5 15. Bxg5 Qxg5 {½-½ (69) Player,E (2222)-Arkell,K (2450) Newport Pagnell 2016}) 12. O-O Bg7 13. Rd1 O-O 14. c4 Qc7 15. Be3 Rad8 16. Qb3 Nc8 17. Rac1 Nd6 18. g4 Rd7 19. c5 Ne8 $1 20. d5 Nf6 21. dxc6 bxc6 22. Rxd7 Qxd7 23. Qd1 Qc7 24. Rc2 {[%cal Bc1c2,Bc2d2,Bd2d6,Bd6c6][%mdl 32]} Rb8 25. b3 Rd8 26. Rd2 Rc8 27. b4 e6 28. Rd6 Nd5 (28... Qb7 $11) 29. Bxd5 $16 cxd5 30. b5 (30. Qa4 $16) 30... Rb8 (30... Qe7 $11 {keeps the balance.}) 31. a4 $1 Be5 32. Rc6 $36 {[%mdl 2048] White is in control.} Qd8 33. Bd4 ({Much worse is} 33. Bxh6 $6 Qh4 $11) 33... Qf6 34. Bxe5 Qxe5 {[%mdl 4096] Endgame KQR-KQR} 35. Ra6 d4 $2 (35... Qc3 $14) 36. Rxa7 $18 {Hoping for c6.} Qxc5 37. Rd7 e5 {[#]} 38. Qf3 $1 {[%cal Rf3f7]} Rf8 {[#]} 39. h3 $1 Qb4 40. Qd5 Qxa4 41. Qxe5 Qb3 42. Kg2 ({Don't play} 42. Qxd4 $6 Qxb5 43. Rc7 Re8 $11) 42... Ra8 $2 (42... d3 {keeps fighting.} 43. Qd5 Qxd5+ 44. Rxd5 Kg7) 43. Rxd4 Kh7 {and the idea ...Ra3 leaves Black hopeful.} 44. Qd5 (44. Rf4 $18) 44... Qxd5+ 45. Rxd5 $16 {KR-KR} Ra3 46. b6 {Threatens to win with Rb5.} Rb3 47. Rd6 g5 (47... Kg7 $16 48. f3 h5 49. gxh5 gxh5) 48. f3 $18 Rb2+ 49. Kf1 Kg7 50. Ke1 Rb3 $2 (50... Kf8 {was necessary.} 51. Rxh6 Ke7) 51. Ke2 f6 (51... Kf8 {was worth a try.} 52. Rxh6 Ke8) 52. Kd2 Rxf3 (52... Kf7 $142 53. Kc2 Rb4) 53. Kc2 {Precision: White = 71%, Black = 41%.} 1-0

[Event "105th British-ch 2018"]
[Site "Hull"]
[Date "2018.07.29"]
[Round "2"]
[White "Adams, Michael"]
[Black "Arkell, Keith C"]
[Result "*"]
[WhiteElo "2706"]
[BlackElo "2406"]
[Annotator "TA RC"]
[PlyCount "116"]
[EventDate "2018.07.28"]
[EventType "swiss"]
[EventCountry "GBR"]
[SourceTitle "playchess.com"]
[Source "ChessBase"]
[SourceQuality "1"]

{[%evp 17,116,56,63,42,39,32,50,47,41,43,44,32,53,35,44,29,30,25,32,35,56,5,16,22,13,13,14,9,9,6,25,20,39,18,18,15,40,13,15,12,72,54,71,0,114,131,129,149,152,115,122,135,114,39,236,251,248,232,216,233,246,250,247,248,214,205,217,206,366,265,247,144,160,160,160,147,146,142,262,262,262,262,262,262,580,272,624,587,1520,1277,29971,29972,29972,29973,29973,29972,29974,29974,29973,29975,29974]} 1. e4 c6 2. d4 d5 3. Nd2 dxe4 4. Nxe4 Nd7 5. Ng5 Ngf6 6. Bd3 Nb6 7. N1f3 {B17: Caro-Kann: Modern Line (4...Nd7)} h6 (7... Bg4 8. Qe2 Bh5 9. h3 h6 10. g4 hxg5 11. gxh5 Rxh5 12. Bxg5 Rxg5 13. Nxg5 Qxd4 14. c4 Nbd7 {½-½ (41) Howell,D (2698)-Arkell,K (2502) Coventry 2015}) (7... Bg4 8. Qe2 Bh5 9. Bd2 h6 10. Ne4 Nxe4 11. Bxe4 e6 12. O-O-O Be7 13. Kb1 Nd5 14. c4 Nf6 {1-0 (30) Adams,M (2758)-Arkell,K (2450) Douglas 2014}) 8. Ne4 Nxe4 9. Bxe4 Bg4 {LiveBook: 8 Games} 10. Qd3 Bxf3 11. Bxf3 g6 $146 ({Predecessor:} 11... e6 12. O-O Be7 13. Re1 O-O 14. Bf4 Bg5 15. Bxg5 Qxg5 {½-½ (69) Player,E (2222)-Arkell,K (2450) Newport Pagnell 2016}) 12. O-O Bg7 13. Rd1 O-O 14. c4 Qc7 15. Be3 Rad8 16. Qb3 Nc8 17. Rac1 Nd6 18. g4 Rd7 19. c5 (19. a4 $14) 19... Ne8 $1 $11 20. d5 Nf6 21. dxc6 bxc6 22. Rxd7 Qxd7 23. Qd1 {[#] Strongly threatening Qxd7.} Qc7 24. Rc2 {[%cal Bc1c2,Bc2d2,Bd2d6,Bd6c6][%mdl 32]} Rb8 25. b3 Rd8 26. Rd2 Rc8 27. b4 e6 28. Rd6 Nd5 (28... Qb7 $11 {remains equal.}) 29. Bxd5 $16 cxd5 30. b5 (30. h3 $16) 30... Rb8 {[#]} (30... Qe7 $1 $11) 31. a4 $1 Be5 32. Rc6 $36 {[%mdl 2048] White is on the roll.} Qd8 33. Bd4 ({Inferior is} 33. Bxh6 Qh4 $15) 33... Qf6 34. Bxe5 Qxe5 {[%mdl 4096] Endgame KQR-KQR} 35. Ra6 (35. Rd6 $16) 35... d4 $2 (35... Qc3 $14) 36. Rxa7 $18 Qxc5 37. Rd7 e5 38. Qf3 Rf8 39. h3 Qb4 40. Qd5 Qxa4 41. Qxe5 Qb3 42. Kg2 ({Not} 42. Qxd4 Qxb5 43. Rc7 Re8 $11) ({Don't play} 42. Rxd4 $6 Qxh3 43. b6 Rc8) 42... Ra8 $2 (42... d3 {might work better.} 43. Qd5 Qxd5+ 44. Rxd5 Kg7) 43. Rxd4 Kh7 {Black hopes to continue with ...Ra3.} 44. Qd5 (44. Rf4 $18) 44... Qxd5+ 45. Rxd5 $16 {KR-KR} Ra3 46. b6 Rb3 47. Rd6 g5 (47... Kg8 $16 48. f3 Kf8) 48. f3 $18 Rb2+ 49. Kf1 Kg7 50. Ke1 Rb3 $2 (50... Kf8 {is more resistant.} 51. Rxh6 Ke7) 51. Ke2 (51. Kd1 $142 Rb2 52. Kc1) 51... Kh7 $2 (51... f6 52. Rd7+ Kg6) 52. Kd2 Rxf3 53. Kc2 {Hoping for b7.} Re3 54. b7 {White mates.} Re8 55. Rb6 Rb8 56. Kd3 h5 57. Ke4 hxg4 58. hxg4 Kg7 {Precision: White = 66%, Black = 41%.} *

[Event "105th British-ch 2018"]
[Site "Hull"]
[Date "2018.07.29"]
[Round "2"]
[White "Jones, Gawain Cb"]
[Black "Trent, Lawrence"]
[Result "1-0"]
[WhiteElo "2670"]
[BlackElo "2406"]
[Annotator "TA"]
[PlyCount "109"]
[EventDate "2018.07.28"]
[EventType "swiss"]
[EventCountry "GBR"]
[SourceTitle "playchess.com"]
[Source "ChessBase"]
[SourceQuality "1"]

{[%evp 22,109,45,45,45,42,47,43,45,39,38,37,43,33,68,60,61,60,51,42,58,65,68,58,51,38,55,55,51,50,50,50,56,59,55,56,64,28,41,44,63,63,63,63,79,0,0,0,0,0,86,81,112,87,131,131,131,131,131,131,131,131,335,335,335,335,335,335,330,327,195,190,1054,1008,2380,2320,2258,2242,2209,2281,2097,2011,1810,1614,2092,1815,1957,1691,2226,2024]} 1. e4 c5 2. Nf3 Nc6 3. d4 cxd4 4. Nxd4 Nf6 5. Nc3 d6 6. Bg5 e6 7. Qd2 Qb6 8. O-O-O {B63: Sizilianisch (Richter/Rauser-Angriff)} Qxd4 9. Qxd4 Nxd4 10. Rxd4 a6 11. Bxf6 gxf6 12. Na4 {LiveBook: 9 Partien} Bd7 13. Nb6 Rd8 14. Nxd7 Rxd7 15. Be2 Rg8 {[#]} 16. g3 $146 Rg5 17. b4 Rc7 18. Rhd1 Be7 19. Kb1 Rg8 20. f4 Kf8 21. f5 Kg7 22. a4 Rgc8 23. R1d2 exf5 24. exf5 d5 25. b5 a5 26. Bd1 ({Ein No Go ist} 26. Rxd5 Bb4 $11) 26... Bd6 27. Rg4+ Kf8 28. Rxd5 Be5 29. Rh4 Kg7 30. b6 Rc6 31. Rxa5 Rxb6+ 32. Rb5 Rd6 33. Be2 (33. Kc1 $16) 33... Rd2 $11 34. Rc4 Rxc4 35. Bxc4 {[%mdl 4096] Endspiel KTL-KTL} Rd1+ (35... Rd4 $11 36. Bd5 Rxa4) 36. Ka2 $16 Ra1+ 37. Kb3 Rb1+ 38. Ka3 Bd6+ 39. Ka2 Rxb5 40. Bxb5 {KL-KL} b6 41. Kb3 Kf8 $2 (41... Bc5 $16) 42. Kc4 $18 Ke7 43. Kd5 Be5 44. c4 Kd8 {[#]} 45. Kc6 $1 Bd4 46. c5 bxc5 $2 (46... Bxc5 47. a5 Kc8 48. axb6 Bg1) 47. a5 {[%cal Ba4a5,Ba5a6][%mdl 32] Weiß steht klar auf Gewinn.} Kc8 48. Bc4 {Beabsichtigt a6 und Matt.} Kb8 49. Kb6 {jetzt a6 und aus.} Be5 50. a6 {Weiss droht a7+ und Matt.} Bc7+ 51. Kxc5 Ka7 52. Kc6 Bb6 53. Kd7 Bg1 {[#]} 54. h3 $1 Bf2 55. Ke7 {Precision: Weiß = 90%, Schwarz = 54%.} 1-0

[Event "105th British-ch 2018"]
[Site "Hull"]
[Date "2018.07.29"]
[Round "2"]
[White "Hawkins, Jonathan"]
[Black "Roberson, Peter T"]
[Result "1-0"]
[WhiteElo "2590"]
[BlackElo "2401"]
[Annotator "TA"]
[PlyCount "69"]
[EventDate "2018.07.28"]
[EventType "swiss"]
[EventCountry "GBR"]
[SourceTitle "playchess.com"]
[Source "ChessBase"]
[SourceQuality "1"]

{[%evp 21,69,25,41,23,25,27,32,35,59,57,66,66,69,72,75,71,77,27,44,48,55,47,46,41,105,112,95,105,185,190,181,177,216,227,212,220,575,552,571,571,564,553,559,529,514,527,816,806,29998,29999]} 1. e4 e6 2. d4 d5 3. exd5 exd5 4. Nf3 Nf6 5. Bd3 Bd6 6. Qe2+ Qe7 7. Qxe7+ Bxe7 8. Bf4 {C01: French: Exchange Variation} c6 9. O-O {[%cal Bh1f1,Bf1e1,Be1e3][%mdl 32]} (9. h3 O-O 10. Nbd2 Nbd7 11. O-O Re8 12. Rfe1 Nf8 13. g4 Bd8 14. Be5 Be6 15. Re3 N6d7 {½-½ (91) Lagarde,M (2594)-Bindrich,F (2598) Germany 2018}) 9... O-O 10. Re1 Re8 11. Nbd2 h6 {LiveBook: 3 Games} 12. Re3 $146 ({Predecessor:} 12. h3 Be6 13. Ne5 Nbd7 14. Ndf3 Nxe5 15. Nxe5 Nd7 16. Nxd7 Bxd7 17. c3 Bf8 18. Kf1 {½-½ (20) Fang,Y (2443)-Lin,Y (2397) Chengdu 2017}) 12... Be6 13. h3 Nbd7 14. c3 Nf8 15. Rae1 Rad8 16. g4 Bd6 17. Bxd6 Rxd6 18. Ne5 Bc8 19. Kg2 g5 20. Kg3 Kg7 21. Ndf3 Ne6 22. Bf5 Nd7 (22... Rdd8 $14) 23. h4 Ndf8 24. Nd3 {[%cal Be5d3,Bd3c5,Bc5b7][%mdl 32]} Red8 (24... f6 $16 25. h5 b6) 25. hxg5 $18 hxg5 {[#]} 26. Nc5 $1 Kf6 27. Re5 b6 28. Bxe6 Bxe6 $2 (28... fxe6 {is more resistant.} 29. Nd3 (29. Nxg5 bxc5 30. dxc5 R6d7 $16) 29... Ba6) 29. Nb7 Nh7 30. Rh1 Kg6 31. Rh5 Bc8 32. Nxd6 Rxd6 33. Re1 Bxg4 34. Ne5+ Kxh5 35. Rh1+ {Precision: White = 79%, Black = 29%.} 1-0

[Event "105th British-ch 2018"]
[Site "Hull"]
[Date "2018.07.29"]
[Round "2"]
[White "Fodor, Tamas Jr"]
[Black "Bradbury, Neil H"]
[Result "1-0"]
[WhiteElo "2506"]
[BlackElo "2350"]
[Annotator "TA"]
[PlyCount "51"]
[EventDate "2018.07.28"]
[EventType "swiss"]
[EventCountry "GBR"]
[SourceTitle "playchess.com"]
[Source "ChessBase"]
[SourceQuality "1"]

{[%evp 9,51,12,38,35,54,51,46,37,51,37,26,20,19,25,43,2,15,0,30,38,81,86,139,86,78,84,146,141,144,140,142,150,179,172,290,285,278,265,392,397,369,372,421,419]} 1. d4 Nf6 2. Nf3 e6 3. Bf4 c5 4. e3 a6 (4... Nc6 5. Nbd2 d5 6. c3 Be7 7. Ne5 Bd6 8. Bd3 Qc7 9. Ndf3 h6 10. Bg3 Ne4 11. Bxe4 dxe4 12. Nd2 cxd4 13. cxd4 Nxe5 14. dxe5 Bxe5 15. Rc1 {½-½ (97) Ponomariov,R (2686)-Hou,Y (2658) Shenzhen 2018}) 5. Bd3 cxd4 6. exd4 {A46: 1 d4 Nf6 2 Nf3 e6: Torre, London and Colle Systems} d6 $146 ({Predecessor:} 6... b5 7. c3 Bb7 8. Nbd2 Be7 9. Qc2 Nc6 10. O-O O-O 11. Rad1 h6 12. Ne4 Nd5 13. Nd6 Nxf4 14. Nxb7 {0-1 (28) Schultz,R (1748)-Hoshino,K (1952) Sao Paulo 2012}) 7. O-O Be7 8. h3 {White is slightly better.} Nbd7 9. Nbd2 b6 10. Ne4 Qc7 11. Qe2 Bb7 12. Ng3 O-O 13. Nf5 $36 {[%mdl 2048] White fights for an advantage.} exf5 14. Qxe7 Ne4 15. Bxe4 fxe4 ({Black should try} 15... Bxe4 16. Ng5 (16. Bxd6 Qd8 $16) (16. Qxd6 Qb7 $14) 16... Bb7) 16. Nh4 (16. Bxd6 $142 Qc6 17. d5) 16... Rfe8 $16 17. Qxd6 Qd8 ({Black should play} 17... Qxd6 18. Bxd6 Re6) 18. Nf5 Re6 19. Qc7 Qxc7 20. Bxc7 Rc8 21. Bg3 Rxc2 (21... Ba8 {was necessary.} 22. Rfc1 g6) 22. Rac1 Rxc1 23. Rxc1 {[#] And now Rc7 would win.} g6 (23... e3 {keeps fighting.} 24. fxe3 (24. Nxe3 Rc6 $16) 24... h5) 24. Nd6 $18 Bd5 25. Rc7 e3 26. fxe3 {Precision: White = 58%, Black = 40%.} ({Not} 26. Rxd7 e2 $18) 1-0

[Event "105th British-ch 2018"]
[Site "Hull"]
[Date "2018.07.29"]
[Round "2"]
[White "Adair, James R"]
[Black "Fitzsimons, David"]
[Result "1-0"]
[WhiteElo "2492"]
[BlackElo "2328"]
[Annotator "TA"]
[PlyCount "117"]
[EventDate "2018.07.28"]
[EventType "swiss"]
[EventCountry "GBR"]
[SourceTitle "playchess.com"]
[Source "ChessBase"]
[SourceQuality "1"]

{[%evp 26,117,32,14,36,25,168,120,166,174,204,91,94,100,105,113,215,53,61,56,59,0,0,0,0,0,9,0,0,-22,25,16,30,8,16,11,19,13,13,13,0,-12,64,28,403,403,281,395,395,392,352,47,506,403,560,582,582,515,356,8,8,8,8,0,0,0,0,0,8,8,77,77,158,158,158,158,158,158,158,158,158,122,5807,4631,2542,2127,29958,29960,29965,4619,29974,12849,29964,29963]} 1. e4 e6 2. d4 d5 3. Nc3 Nf6 4. e5 Nfd7 5. f4 c5 6. Nf3 Nc6 7. Be3 Be7 8. Qd2 a6 9. Be2 O-O {C11: French: Classical System: 4 e5 and 4 Bg5 dxe4} (9... b5 10. a3 O-O 11. Nd1 b4 12. axb4 Nxb4 13. c3 Nc6 14. O-O Na5 15. Qe1 Nc4 16. b3 Nxe3 17. Nxe3 {½-½ (72) Hou,Y (2652)-Caruana,F (2802) chess.com INT 2017}) 10. O-O b5 11. a3 Qb6 12. Nd1 a5 13. c3 a4 14. Bd3 {LiveBook: 8 Games} Na5 {[#]} 15. Qc2 $146 ({Predecessor:} 15. Rb1 Nc4 16. Qe2 Ba6 17. f5 Nxe3 18. Nxe3 b4 19. Bxa6 Qxa6 20. Qxa6 Rxa6 21. cxb4 cxb4 22. axb4 Rb8 23. Rfc1 Ra7 {½-½ (23) Ljubicic,A (2511)-Galanov,S (2597) ICCF email 2011}) 15... Nb3 (15... h6 $11 {and Black has nothing to worry.}) 16. Bxh7+ $18 Kh8 17. Rb1 cxd4 18. cxd4 (18. Nxd4 $18 {has better winning chances.} Bc5 19. Rf3 Bxd4 20. cxd4 Nxd4 21. Rh3 Nxc2 22. Bxc2+ (22. Bxb6 Nxa3 23. bxa3 Nxb6 $16) 22... Kg8 23. Bxb6 Nxb6 24. Bh7+ Kh8 25. Bc2+ Kg8 26. Nc3) 18... b4 $16 19. axb4 Ba6 20. Bd3 Rfc8 (20... Bxd3 $16 21. Qxd3 Qxb4) 21. Qe2 $2 (21. Nc3 $18) 21... Bxd3 $14 22. Qxd3 Qxb4 23. Ng5 Bxg5 $1 24. fxg5 Qc4 $1 {[%cal Rc4d3]} 25. Qxc4 Rxc4 26. Rxf7 Nf8 27. Re7 Rac8 28. Ra7 Nxd4 29. Bxd4 Rxd4 30. Nc3 $36 {[%mdl 2048] White is pushing.} Ng6 31. Rxa4 Rd2 32. Rb4 Nxe5 33. Re1 Nc4 (33... Nd3 $1 $11 34. Rd4 Kh7) 34. Re2 Rxb2 $2 {[%mdl 8192]} (34... Rxe2 $11 {and Black is okay.} 35. Nxe2 e5) 35. Rbxb2 $18 Nxb2 36. Rxb2 Rxc3 $11 {[%mdl 4096] Endgame KR-KR} 37. g6 $1 {White threatens Rb8+ and mate.} Rc8 38. Rb6 $2 (38. h4 $18 Re8 39. Kf2) 38... Re8 $2 {[%mdl 8192]} (38... Kg8 $1 $14) 39. h4 {[%cal Bh2h4,Bh4h5][%mdl 32]} e5 40. Rd6 d4 41. h5 Kg8 42. Kh2 $2 ({White should play} 42. g4 $18) 42... Kf8 $1 {[%cal Rf8e7] aiming for ...Ke7.} 43. Rd7 Re7 44. Rd8+ Re8 45. Rd7 Re7 46. Rd8+ Re8 47. Rd5 {Black should prevent g4.} e4 (47... Re6 $1 $11) 48. Rxd4 $16 {g4 is the strong threat.} e3 ({Better is} 48... Re5) 49. Rf4+ $1 Kg8 50. Rf1 Re4 51. g3 $1 {Threatens to win with Kg2.} e2 52. Re1 {Hoping for Kg2.} Kf8 53. Kg2 {Black must now prevent Kf3.} Ke7 $2 {[%mdl 8192]} (53... Re5 $16) 54. Kf3 $18 Ra4 55. Rxe2+ Kf6 {[#]} 56. Re4 $1 Ra5 {[#]} 57. Kg4 $1 Ra7 58. Rf4+ Ke6 {[#]} 59. h6 $1 {Precision: White = 56%, Black = 32%.} 1-0